000 00343pab a2200145 454500
008 180718b1989 xxu||||| |||| 00| 0 eng d
100 _aPuri, Balraj
245 _aSikh Identity, Punjab identity and Akali unity
260 _c1989
300 _a7-8
362 _a11 Jun.
650 _aPunjab - Politics
773 _aJanata
909 _a16835
999 _c16835
_d16835